| 000 | 01075nam a2200313 a 4500 | ||
|---|---|---|---|
| 999 |
_c17540 _d17540 |
||
| 001 | 3365037 | ||
| 003 | BDDh-ASL | ||
| 005 | 20231015025553.0 | ||
| 008 | 161226s1985 bg b 001 0 eng | | ||
| 010 | _a 86901126 | ||
| 020 | _cTk150.00 ($12.50 U.S.) | ||
| 025 | _aB E 4345 | ||
| 040 |
_aDLC _cBDDh-ASL _dBDDh-ASL |
||
| 043 |
_aa-pk--- _aa-cc--- |
||
| 050 | 0 | 0 |
_aDS383.5.A2 _bH36 1985 |
| 082 | 0 | 0 |
_a954.7 _bHAT |
| 100 | 1 |
_aHaque, Azizul, _d1937- _9191 |
|
| 245 | 1 | 0 |
_aTrends in Pakistan's external policy, 1947-1971 : _bwith particular reference to People's China / _cAzizul Haque. |
| 260 |
_aDhaka : _bAsiatic Society of Bangladesh, _c1985. |
||
| 300 |
_axvi, 284 p. : _c25 cm. |
||
| 440 |
_aAsiatic Society of Bangladesh publication; _9192 _vno. 47 |
||
| 500 | _aIncludes index. | ||
| 504 | _aBibliography: p. [269]-278. | ||
| 651 | 0 |
_aPakistan _xForeign relations. _9193 |
|
| 651 | 0 |
_aPakistan _xForeign relations _zChina. _9194 |
|
| 651 | 0 |
_aChina _xForeign relations _zPakistan. _9195 |
|
| 906 |
_a7 _bcbc _corignew _d3 _encip _f19 _gy-gencatlg |
||
| 942 |
_2ddc _cBK |
||